| 000 -LEADER | |
|---|---|
| fixed length control field | 00411nam a22001697a 4500 |
| 005 - DATE AND TIME OF LATEST TRANSACTION | |
| control field | 20180519115552.0 |
| 008 - FIXED-LENGTH DATA ELEMENTS--GENERAL INFORMATION | |
| fixed length control field | 160613b xxu||||| |||| 00| 0 eng d |
| 020 ## - INTERNATIONAL STANDARD BOOK NUMBER | |
| ISBN | 978-0-07068188-0 |
| 041 ## - LANGUAGE CODE | |
| Language code of text/sound track or separate title | eng |
| 082 ## - DEWEY DECIMAL CLASSIFICATION NUMBER | |
| Item number | 7129 |
| Classification number | 511.1 |
| 100 ## - MAIN ENTRY--AUTHOR NAME | |
| Personal name | Rusen, K.H. |
| 245 ## - TITLE STATEMENT | |
| Title | Discrate Mathematics and its applications |
| 260 ## - PUBLICATION, DISTRIBUTION, ETC. (IMPRINT) | |
| Name of publisher | TMH |
| 300 ## - PHYSICAL DESCRIPTION | |
| Number of Pages | 597 |
| 650 ## - SUBJECT ADDED ENTRY--TOPICAL TERM | |
| Topical Term | Information Technology |
| 942 ## - ADDED ENTRY ELEMENTS (KOHA) | |
| Koha item type | Books |
| Lost status | Damaged status | Home library | Shelving location | Date acquired | Cost, normal purchase price | Full call number | Accession Number | Koha item type | Collection code |
|---|---|---|---|---|---|---|---|---|---|
| JRU Library | Shelf - 11 - I | 13/06/2016 | 680.00 | 511.1 | 7129 | Books | |||
| JRU Library | SHELF-57-D | 13/06/2016 | 680.00 | 511.1 | 7130 | Books | CS/IT | ||
| JRU Library | SHELF-57-D | 13/06/2016 | 680.00 | 511.1 | 7131 | Books | CS/IT | ||
| JRU Library | SHELF-57-D | 13/06/2016 | 680.00 | 511.1 | 7132 | Books | CS/IT | ||
| JRU Library | SHELF-57-D | 13/06/2016 | 680.00 | 511.1 | 7133 | Books | CS/IT |